Rapport sur la cartographie des sols de la station de canne à sucre de Quang-Ngai. (Record no. 66136)

MARC details
000 -LEADER
fixed length control field 00849cam a22002291 4500
001 - CONTROL NUMBER
control field sa 65009318
003 - CONTROL NUMBER IDENTIFIER
control field DLC
005 - DATE AND TIME OF LATEST TRANSACTION
control field 20260227112201.0
008 - FIXED-LENGTH DATA ELEMENTS--GENERAL INFORMATION
fixed length control field 830618s1958 vm 000 0 fre
010 ## - LIBRARY OF CONGRESS CONTROL NUMBER
LC control number sa 65009318
035 ## - SYSTEM CONTROL NUMBER
System control number (OCoLC)9623143
040 ## - CATALOGING SOURCE
Original cataloging agency DLC
Transcribing agency ICarbS
Modifying agency DLC
050 00 - LIBRARY OF CONGRESS CALL NUMBER
Classification number S599.V47
Item number T7
100 0# - MAIN ENTRY--PERSONAL NAME
Personal name Truong-Đình-Phú.
245 10 - TITLE STATEMENT
Title Rapport sur la cartographie des sols de la station de canne à sucre de Quang-Ngai.
260 ## - PUBLICATION, DISTRIBUTION, ETC.
Place of publication, distribution, etc. [Saigon]
Name of publisher, distributor, etc. Bibliothèque agronomique,
Date of publication, distribution, etc. 1958.
300 ## - PHYSICAL DESCRIPTION
Extent 15 p.
Other physical details fold. map
Dimensions 25 cm.
500 ## - GENERAL NOTE
General note Cover title.
500 ## - GENERAL NOTE
General note At head of title: Secrétariat d'État à l'agriculture. Direction des études et recherches agronomiques, forestières et zootechniques.
650 #0 - SUBJECT ADDED ENTRY--TOPICAL TERM
Topical term or geographic name entry element Soil surveys
Geographic subdivision Vietnam
-- Quảng Ngãi.
710 1# - ADDED ENTRY--CORPORATE NAME
Corporate name or jurisdiction name as entry element Vietnam.
Subordinate unit Nha Khảo cứu và Sưu tầm Nông lâm súc.

No items available.

Powered by Koha